00333nam a2200109Ia 4500008004000000020001800040082001300058100004600071245004100117260005200158300001300210210210b1982 xxu||||| |||| 00| 0 eng d a4 8337 0098 0 a530 MARP aMARION (Jerry B) and HORNYAK (William F). aPhysics for science and engineering. aPhiladelphiabSaunders College Publishingc1982 axvi,1298